00896nam a2200229Ia 4500003000400000005001700004008004100021020001500062040001800077041000800095082002200103100002800125245008500153250001200238260006300250300002700313650005200340650005900392942003100451999001900482952016500501OSt20220614111805.0210716s1996 xx 000 0 und d a8174730060 cAIMIT LIBRARY aeng a658.314 21bBULJ aBulin, Judith G.942165 aSupervision: bSkills for managing work and leading people /cBy Judith G Bulin. a1st ed. aNew Delhi :bA.I.T.B.S. Publishers & Distributors ,c1996. axxviii,498p. ;c24 cm. aHuman relations skills developing people942166 aTechnical skills managing a quality environment942167 2ddccBKe1stk658.314 BULJ c197970d197970 00102ddc40708MBAaAIMITbAIMITd2004-08-05g150.00iBill no:6099; Bill dt:2004-08-05l0o658.314 BULJpMBA00535r2026-05-23 00:00:00v120.00w2021-07-16yBK